000 00283nam a2200121Ia 4500
100 _aWodaski R/ Brown-Wodaski D
942 _cRB
245 _aVirtual reality madness & more
260 _bSAMS
_aIndiana polis
_c1994
082 _a5.43
_bWOD/BR
300 _a910
546 _aENGLISH
999 _c19282
_d19282